School subjects in Romanian - Statistics

General Stats
  • This quiz has been taken 59 times
    42 since last reset
  • The average score is 14 of 20
Answer Stats
Romanian English % Correct
Biologie Biology
97%
Matematică Math
95%
Istorie History
92%
Artă Art
90%
Geografie Geography
90%
Muzică Music
90%
Literatura română Romanian Literature
85%
Chimie Chemistry
79%
Fizică Physics
79%
Politică Politics
77%
Sociologie Sociology
77%
Filozofie Philosophy
74%
Limba română Romanian Language
74%
Educație Fizică Physical Education
64%
Psihologie Psychology
64%
Economie Economics
54%
Educație Civică Civic Education
41%
Informatică Computer Science
21%
Religie Religious Education
21%
Logică Logistics
8%
No matching quizzes found
Score Distribution
Percent of People with Each Score
Percentile by Number Answered
Your Score History
You have not taken this quiz since the last reset